000 002830000a22000970004500
100 1 _aJones, R. Tudur
245 1 0 _aUnion with Christ : The existential nerve of puritan piety
300 _aVol. 2, Num. 41 (Noviembre, 1990), Páginas 186-208
773 0 _tTyndale Bulletin
942 _cANA
999 _c56700
_d56700